Pittura veneta del Seicento in Friuli (Record n. 77293)
[ formato base ]
| 000 -LEADER | |
|---|---|
| fixed length control field | 01910nam a2200289Ia 4500 |
| 001 - CONTROL NUMBER | |
| control field | K0259 |
| 003 - CONTROL NUMBER IDENTIFIER | |
| control field | IT-RoPAU |
| 008 - FIXED-LENGTH DATA ELEMENTS--GENERAL INFORMATION | |
| fixed length control field | 130308s9999 xx 000 0 und d |
| 040 ## - CATALOGING SOURCE | |
| Original cataloging agency | IT-RoPAU |
| 040 ## - CATALOGING SOURCE | |
| Transcribing agency | IT-RoPAU |
| 041 ## - LANGUAGE CODE | |
| Language code of text/sound track or separate title | ITALIANO |
| 100 ## - MAIN ENTRY--PERSONAL NAME | |
| Personal name | Rizzi Aldo |
| 100 ## - MAIN ENTRY--PERSONAL NAME | |
| Miscellaneous information | Codice Aut. SPICS: 59685 |
| 245 ## - TITLE STATEMENT | |
| Title | Pittura veneta del Seicento in Friuli |
| 245 ## - TITLE STATEMENT | |
| Remainder of title | Pittura veneta del Seicento in Friuli |
| 250 ## - EDITION STATEMENT | |
| Edition statement | 1a ed. |
| 260 ## - PUBLICATION, DISTRIBUTION, ETC. (IMPRINT) | |
| Place of publication, distribution, etc. | UDINE |
| 260 ## - PUBLICATION, DISTRIBUTION, ETC. (IMPRINT) | |
| Name of publisher, distributor, etc. | Doretti Editore |
| 260 ## - PUBLICATION, DISTRIBUTION, ETC. (IMPRINT) | |
| Date of publication, distribution, etc. | 1968 [1° Ed.:1968 - Ed.Ling.Originale:1968] |
| 300 ## - PHYSICAL DESCRIPTION | |
| Extent | "236 p. (prefazione: 64; testo: 172 [pagine: 0-0])" |
| 500 ## - GENERAL NOTE | |
| General note | "Catalogo della mostra Tenutasi a Udine, Chiesa di S. Francesco, 8 settembre 17 Novembre 1968. Saggio Introduttivo di R. Pallucchini. 84 Illustrazioni I bianco e Nero e a Colori di Autori vari tra I Quali; Antonio Balestra; Niccolo' Bambini; Sebastiano Bombelli; Antonio Carneo; Giulio Carpioni; Andrea Celesti; Giovanni Coli e Filippo Gherardi; Giuseppe Cosattini; Pietro Damini; Domenico Fetti; Isacco Fischer; tommaso Formenti; Luca Giordano; Giuseppe Heintz Il Giovane; Giovanni Heiss; Gian Battista Langetti; Gregorio Lazzarini; Marco Liberi; Pietro Liberi; Francesco Maffei; Sebastiano Mazzoni; Pier Francesco Mola; Antonio Molinari; Alessandro Varotari Detto Padovanino; Jacopo Palma Il Giovane; Paolo Paoletti; Sante Peranda; Francesco Pittoni; Matteo Ponzone; Giulio Quaglio; Niccolo' Renieri; Pietro Ricchi; Sebastiano Ricci; Francesco Rosa; Francesco Ruschi; Giovanni Segala; Bernardo Strozzi; Pietro Muttoni Detto della Vecchia; Maffeo da Verona; Andrea Vicentino. " |
| 650 ## - SUBJECT ADDED ENTRY--TOPICAL TERM | |
| Topical term or geographic name as entry element | STORIA NAZIONALE DELLA PITTURA |
| 650 ## - SUBJECT ADDED ENTRY--TOPICAL TERM | |
| Relator term | Codice materia Spics: 5209 |
| 942 ## - ADDED ENTRY ELEMENTS (KOHA) | |
| Koha item type | LIBRO |
| 957 ## - | |
| -- | 1 |
| 999 ## - SYSTEM CONTROL NUMBERS (KOHA) | |
| -- | 1 |
| Withdrawn status | Lost status | Damaged status | Not for loan | Home library | Current library | Date acquired | Total Checkouts | Full call number | Date last seen | Price effective from | Koha item type | Public note |
|---|---|---|---|---|---|---|---|---|---|---|---|---|
| Buone Condizioni | Not For Loan | SPICS-MEDIATECA | SPICS-MEDIATECA | 08/03/2013 | K0259 | 08/03/2013 | 08/03/2013 | LIBRO | Progressivo inserimento: 24822 / N. Volumi: 1 Copie: 1 / data import: 1 marzo 2013 - By Epidotti, Trombetti, Vaglietti. |